000 01112cam a2200337 i 4500
003 EG-GICUC
005 20260204115707.0
008 090817s2009 mnu fr 001 0 eng d
020 _a9780314191281
_qcloth
040 _aDLC
_cDLC
_beng
_dEG-GiCUC
_erda
050 0 0 _aKZ1242.5
_b.I578 2009
082 0 4 _221
_a341
092 0 4 _221
099 _aLaw 11 2009
245 0 0 _aInternational law :
_bcases and materials /
_cby Lori Fisler Damrosch ... [et al.].
250 _a5th edition.
264 _aSt. Paul, Minn. :
_bThomson/West,
_c2009.
300 _alxx, 1570 pages ;
_c26 cm.
336 _atext
_2rdacontent
337 _aComputer
_2rdamedia
338 _aOnline Resource
_2rdacarrier
490 0 _aAmerican casebook series
500 _aIncludes index.
500 _aAccompanied by Basic documents supplement (xi, 953 p.).
500 _aAccompanied by: Teacher's manual (ii, 714 p.), 2010.
650 0 _aInternational law
_vCases.
700 1 _aDamrosch, Lori F.
_q(Lori Fisler)
856 4 0 _uhttps://fll.law.cu.edu.eg/fulltext/bks/ENGB11-00120.pdf
905 _a10
942 _2ddc
_cBK
_e21
_n0
999 _c60850
_d60850